| 000 | 00444nam a22001577a 4500 | ||
|---|---|---|---|
| 003 | BD-DhUL | ||
| 005 | 20190117110815.0 | ||
| 008 | 190117snd. bg ||||| |||| 00| 0 urd d | ||
| 040 |
_aBD-DhUL _cBD-DhUL |
||
| 082 |
_a891.4308 _bTHN |
||
| 245 | 1 | 0 | _aنگارستان اردو / |
| 260 |
_aڈھاکہ : _bفارکوزپبلیکیشتر بمبر، _c۔ |
||
| 300 |
_aص۔ ۱۵۸ ؛ _c۱۸ سم۔ |
||
| 650 | 4 | _aUrdu literature | |
| 942 |
_2ddc _cBK |
||
| 999 |
_c245818 _d245818 |
||